| 000 | 00344nam a22000977a 4500 | ||
|---|---|---|---|
| 008 | 230821b |||||||| |||| 00| 0 eng d | ||
| 040 |
_aNational Science Library _cNational Science Library |
||
| 245 | _aContributions from herbarium Australiense | ||
| 260 |
_aAustralia: _bCommonwealth Scientific and Industrial Research Organization |
||
| 942 | _cCR | ||
| 999 |
_c59138 _d59138 |
||